000
00234 a2200097 4500
001
58702
100
_a
245
_a
Radar and Electronic Warfare systems 12th issue 2000, jane's
260
_a
USA
_b
Janes
_c
2000
090
_c
36024
_d
36024
942
_a
NUST-CAE
_c
_c
28919
999
_c
293775
_d
293775